[Event "Edda Rapid"]
[Site "Reykjavic ISL"]
[Date "2003.03.03"]
[Round "1"]
[White "Bacrot,E"]
[Black "Bjornsson,S"]
[Result "1-0"]
[WhiteElo "2671"]
[BlackElo "2267"]
[EventDate "2003.03.03"]

1. d4 Nf6 2. c4 e6 3. Nf3 Bb4+ 4. Bd2 Qe7 5. g3 O-O 6. Bg2 Bxd2+ 7. Qxd2 d5
8. O-O c6 9. b3 Ne4 10. Qc2 Nd7 11. Nbd2 Nxd2 12. Nxd2 Nf6 13. e4 dxe4 14.
Nxe4 Nxe4 15. Bxe4 h6 16. Qc3 Rd8 17. Rad1 Qf6 18. Rd3 Bd7 19. Rfd1 Be8 20.
h4 Rab8 21. Qa5 a6 22. Kg2 g6 23. Qc7 Kh8 24. a4 Kg7 25. Qb6 Qe7 26. b4 Qd6
27. a5 f5 28. Bf3 Bf7 29. Qc5 Kf6 1-0

[Event "Edda Rapid"]
[Site "Reykjavic ISL"]
[Date "2003.03.03"]
[Round "1"]
[White "Bergsson,S"]
[Black "Adams,Mi"]
[Result "0-1"]
[WhiteElo "2021"]
[BlackElo "2734"]
[EventDate "2003.03.03"]

1. Nf3 Nf6 2. g3 d5 3. Bg2 c6 4. b3 Bf5 5. Bb2 e6 6. O-O h6 7. c4 Be7 8. d3
O-O 9. Nbd2 a5 10. a3 Nbd7 11. Rc1 Bh7 12. Re1 Re8 13. h3 Qb6 14. d4 Ne4
15. e3 Bf6 16. Nxe4 Bxe4 17. Nd2 Bg6 18. c5 Qc7 19. e4 dxe4 20. Nxe4 Be7
21. f4 Nf6 22. Nc3 Rad8 23. Na4 h5 24. Qd2 Nd5 25. Bxd5 Rxd5 26. Nb6 Rdd8
27. Qxa5 h4 28. Qc3 Bf6 29. Rcd1 hxg3 30. Qxg3 Kh7 31. Nc4 Rh8 32. Ne5 Bf5
33. Re2 Kg8 34. Rh2 Qe7 35. Rdd2 g6 36. b4 Rh5 37. Rdg2 Kh7 38. Qe3 Rh8 39.
Ng4 Bg7 40. a4 Ra8 41. Qb3 Be4 42. Re2 Bd5 43. Qc2 Qh4 44. Re3 Rf5 45. Rf2
Rh8 46. b5 Kg8 47. b6 Qxg4+ 48. Kf1 Rxh3 49. Rxh3 Qxh3+ 50. Ke2 Qg4+ 51.
Ke1 Rxf4 52. Rxf4 Qxf4 53. a5 Bxd4 54. a6 Qg3+ 55. Kd1 Qg1+ 56. Ke2 Qf2+
57. Kd1 Bf3+ 58. Kc1 Qe1+ 0-1

[Event "Edda Rapid"]
[Site "Reykjavic ISL"]
[Date "2003.03.03"]
[Round "2"]
[White "Vlassov,N"]
[Black "Shirov,A"]
[Result "0-1"]
[WhiteElo "2454"]
[BlackElo "2723"]
[EventDate "2003.03.03"]

1. e4 c6 2. d4 d5 3. e5 Bf5 4. Nc3 e6 5. g4 Bg6 6. Nge2 c5 7. Be3 cxd4 8.
Nxd4 Bb4 9. Bg2 h5 10. g5 Ne7 11. O-O Bxc3 12. bxc3 Nbc6 13. Rb1 Qd7 14. f4
Nxd4 15. Bxd4 Rc8 16. Rb3 b6 17. Rf2 Nf5 18. Bf1 O-O 19. Be2 Qa4 20. Bxh5
Bxh5 21. Qxh5 g6 22. Qd1 Kg7 23. a3 Rh8 24. Qd3 Rh4 25. Qb5 Rc4 26. Qxa4
Rxa4 27. Kg2 Rg4+ 28. Kf3 Rg1 29. Ke2 Rc4 30. Kd3 Rd1+ 31. Rd2 Rf1 32. Rb4
Rc8 33. Bf2 Rh8 34. Bg3 Rf3+ 35. Ke2 Rxc3 36. Rb3 Rc4 37. Rb4 Rc5 38. Kd3
Rhc8 39. Rb3 Rc4 40. c3 Kf8 41. Rf2 Ke7 42. Rf3 Ra4 43. Rf1 Kd7 44. Ra1 Re4
45. Rc1 Rh8 46. Rb4 Re3+ 47. Kd2 Rc8 48. c4 d4 49. a4 Ra3 50. c5 bxc5 51.
Rb7+ Kc6 52. Rxa7 Nxg3 53. hxg3 Rh8 54. Ra6+ Kb7 55. Ra5 Rh2+ 56. Kd1 Rxg3
57. Rb5+ Ka6 0-1

[Event "Edda Rapid"]
[Site "Reykjavic ISL"]
[Date "2003.03.04"]
[Round "5"]
[White "Tregubov,P"]
[Black "Sokolov,I"]
[Result "0-1"]
[WhiteElo "2612"]
[BlackElo "2688"]
[EventDate "2003.03.03"]

1. d4 d5 2. c4 c6 3. Nf3 Nf6 4. e3 Bf5 5. Nc3 e6 6. Nh4 Bg6 7. Nxg6 hxg6 8.
Bd2 Nbd7 9. g3 Bd6 10. Qe2 O-O 11. Bg2 dxc4 12. Qxc4 e5 13. dxe5 Nxe5 14.
Qe2 Be7 15. O-O Qd3 16. Rfd1 Rad8 17. Be1 Qxe2 18. Nxe2 Nd3 19. Ba5 Rd6 20.
Nf4 Nxf4 21. gxf4 Nd5 22. Rd3 b6 23. Be1 Rfd8 24. Bf3 a5 25. Rad1 Kf8 26.
b3 f5 27. a3 Nf6 28. Rxd6 Rxd6 29. Rxd6 Bxd6 30. a4 Ne4 31. Kf1 Bb4 32. Be2
Bxe1 33. Kxe1 Ke7 34. Bc4 Nd6 35. Bg8 Kf8 36. Be6 Ke7 37. Bg8 b5 38. axb5
cxb5 39. f3 Ne8 40. Kd2 Nf6 41. Ke1 0-1

[Event "Edda Rapid"]
[Site "Reykjavic ISL"]
[Date "2003.03.04"]
[Round "6"]
[White "Sutovsky,E"]
[Black "Adams,Mi"]
[Result "1-0"]
[WhiteElo "2651"]
[BlackElo "2734"]
[EventDate "2003.03.03"]

1. e4 e5 2. Nf3 Nc6 3. d4 exd4 4. Nxd4 Nf6 5. Nxc6 bxc6 6. e5 Qe7 7. Qe2
Nd5 8. c4 Nb6 9. b3 Qe6 10. g3 a5 11. a4 Bc5 12. Bg2 O-O 13. Bb2 Ba6 14.
Nd2 Rfe8 15. O-O d5 16. Qf3 Bb4 17. Rfd1 dxc4 18. bxc4 Bxc4 19. Nxc4 Nxc4
20. Bc3 Rab8 21. Bxb4 Nxe5 22. Qe3 axb4 23. a5 b3 24. a6 b2 25. Rab1 Qa2
26. a7 Ra8 27. Qc3 Qxa7 28. Rxb2 Re6 29. Re2 Ng6 30. Rxe6 fxe6 31. Qxc6 Rf8
32. Qxe6+ Kh8 33. h4 Qb6 34. Qe2 h6 35. Rd5 Qf6 36. h5 Nh4 37. gxh4 Rf7 38.
Rd3 Rf8 39. Rg3 Qxh4 40. Kf1 Qb4 41. Kg1 Qd4 42. Rg4 Qf6 43. Re4 Qf7 44.
Re3 Rb8 45. Bc6 g6 1-0

[Event "Edda Rapid"]
[Site "Reykjavic ISL"]
[Date "2003.03.04"]
[Round "7"]
[White "Shirov,A"]
[Black "Sutovsky,E"]
[Result "1-0"]
[WhiteElo "2723"]
[BlackElo "2651"]
[EventDate "2003.03.03"]

1. e4 c5 2. Nf3 d6 3. d4 cxd4 4. Nxd4 Nf6 5. Nc3 a6 6. Be3 e5 7. Nb3 Be6 8.
f3 Nbd7 9. g4 Nb6 10. g5 Nh5 11. Qd2 Be7 12. O-O-O Rc8 13. Rg1 O-O 14. Qf2
Nc4 15. Bxc4 Rxc4 16. Nd5 Bxd5 17. Rxd5 f5 18. gxf6 Rxf6 19. Qe2 Rc8 20.
Kb1 Qd7 21. Rdd1 Qh3 22. Nd2 Nf4 23. Bxf4 Rxf4 24. Rg2 Qg3 25. Rgg1 Qh3 26.
Rg3 Qe6 27. Nf1 Bh4 28. Rg1 Rcf8 29. Ne3 g6 30. Ng2 Rxf3 31. Nxh4 Rf2 32.
Qd3 Kh8 33. Nf5 Rxh2 34. Nxd6 Rff2 35. Nf5 1-0

[Event "Edda Rapid"]
[Site "Reykjavic ISL"]
[Date "2003.03.05"]
[Round "8"]
[White "Sutovsky,E"]
[Black "Gurevich,M"]
[Result "0-1"]
[WhiteElo "2651"]
[BlackElo "2634"]
[EventDate "2003.03.03"]

1. e4 e6 2. d4 d5 3. Nc3 Nf6 4. Bg5 Be7 5. e5 Nfd7 6. Bxe7 Qxe7 7. f4 c5 8.
Qd2 a6 9. Bd3 b5 10. h4 Nc6 11. dxc5 Qxc5 12. Nf3 b4 13. Ne2 a5 14. h5 h6
15. Rh3 O-O 16. Nfd4 Nxd4 17. Nxd4 Kh8 18. Nb5 a4 19. Qe3 Ba6 20. Nd6 f6
21. Bg6 fxe5 22. Nf7+ Kg8 23. Nxe5 Qxe3+ 24. Rxe3 Rxf4 25. O-O-O Nxe5 26.
Rxe5 Bc8 27. g3 Rf3 28. Rd4 Rb8 29. Rf4 Rxf4 30. gxf4 Kf8 31. f5 Rb6 32.
fxe6 Bxe6 33. Bf5 Bf7 34. Bd3 Re6 35. Rf5 Re1+ 36. Kd2 Ra1 37. Rf4 Ke7 38.
Rxb4 Rxa2 39. Rb7+ Kf6 40. Rb6+ Be6 41. Be2 Ke5 42. Rb7 Bf5 43. Bd3 Rxb2
44. Rxg7 Be6 45. Rh7 Rb8 46. Ra7 Rb4 47. Kc3 Rh4 48. Bg6 Bh3 49. Be8 Bg4
50. Rxa4 Rh3+ 51. Kd2 Rh2+ 52. Ke3 d4+ 53. Kd3 Be2+ 0-1

[Event "Edda Rapid"]
[Site "Reykjavic ISL"]
[Date "2003.03.05"]
[Round "8"]
[White "Adams,Mi"]
[Black "Hjartarson,J"]
[Result "1-0"]
[WhiteElo "2734"]
[BlackElo "2634"]
[EventDate "2003.03.03"]

1. e4 c5 2. Nf3 e6 3. d4 cxd4 4. Nxd4 Nc6 5. Nc3 Qc7 6. g3 a6 7. Bg2 d6 8.
O-O Bd7 9. Re1 Be7 10. Nxc6 bxc6 11. Na4 c5 12. e5 Bc6 13. exd6 Bxd6 14.
Qg4 Kf8 15. Bxc6 Qxc6 16. Qe4 Qxe4 17. Rxe4 Nf6 18. Rc4 Nd7 19. Be3 Ke7 20.
Nxc5 Rac8 21. b4 Bxc5 22. bxc5 Rc6 23. Rb1 Rhc8 24. Rb7 Ke8 25. Rg4 g6 26.
Rh4 h5 27. Rf4 g5 28. Ra4 Nxc5 29. Bxc5 Rxc5 30. Rxa6 R8c7 31. Rb8+ Ke7 32.
Rh8 g4 33. Ra4 Kf6 34. Rg8 Rxc2 35. Rf4+ Ke5 36. Rg5+ f5 37. Rgxg4 hxg4 1-0

[Event "Edda Rapid"]
[Site "Reykjavic ISL"]
[Date "2003.03.05"]
[Round "8"]
[White "Sokolov,I"]
[Black "Shirov,A"]
[Result "1/2-1/2"]
[WhiteElo "2688"]
[BlackElo "2723"]
[EventDate "2003.03.03"]

1. d4 d5 2. c4 dxc4 3. e3 Nf6 4. Bxc4 e6 5. Nf3 c5 6. Qe2 a6 7. dxc5 Bxc5
8. O-O Nc6 9. Nbd2 O-O 10. Bd3 h6 11. b3 Qe7 12. Bb2 Ba3 13. Bxa3 Qxa3 14.
Nc4 Qe7 15. Qb2 Rd8 16. Rfd1 Bd7 17. e4 b5 18. Ne3 Be8 19. Rac1 Nb4 20. Bb1
Rxd1+ 21. Rxd1 Rd8 22. Rxd8 Qxd8 23. h3 Nc6 24. b4 Nd7 25. a3 Qc7 26. Qc3
Qd6 27. Bc2 Kf8 28. Bb3 Nde5 29. Nxe5 Qxe5 30. Qxe5 Nxe5 31. Kf1 Bc6 32.
Bc2 g5 33. Ke2 Ke7 34. g3 f6 35. f4 gxf4 36. gxf4 Ng6 37. Ng2 e5 38. f5 Nh8
39. Ne3 Nf7 40. h4 Nd6 41. Kf3 Kf8 42. Bd3 Kg7 43. Bc2 Bb7 44. Bd3 Bc6 45.
Bc2 1/2-1/2

[Event "Edda Rapid"]
[Site "Reykjavic ISL"]
[Date "2003.03.05"]
[Round "8"]
[White "Lautier,J"]
[Black "Bologan,V"]
[Result "1-0"]
[WhiteElo "2670"]
[BlackElo "2630"]
[EventDate "2003.03.03"]

1. d4 Nf6 2. c4 e6 3. Nc3 Bb4 4. e3 c5 5. Nge2 d5 6. a3 Bxc3+ 7. Nxc3 cxd4
8. exd4 dxc4 9. Bxc4 Nc6 10. Be3 O-O 11. O-O Ne7 12. Qf3 Qc7 13. Bd3 Bd7
14. Bf4 Qb6 15. Be5 Bc6 16. Qg3 Ng6 17. Bxf6 gxf6 18. h4 Kh8 19. h5 Ne7 20.
Qf4 Ng8 21. d5 Bd7 22. Rad1 Qxb2 1-0

[Event "Edda Rapid"]
[Site "Reykjavic ISL"]
[Date "2003.03.05"]
[Round "9"]
[White "Topalov,V"]
[Black "Macieja,B"]
[Result "1/2-1/2"]
[WhiteElo "2743"]
[BlackElo "2629"]
[EventDate "2003.03.03"]

1. e4 e5 2. Nf3 Nf6 3. Nxe5 d6 4. Nf3 Nxe4 5. d4 d5 6. Bd3 Nc6 7. O-O Be7
8. c4 Nb4 9. Be2 O-O 10. Nc3 Be6 11. Be3 Bf5 12. Qb3 c6 13. c5 Nxc3 14.
bxc3 Nc2 15. Qxb7 Nxa1 16. Rxa1 Qd7 17. Qxd7 Bxd7 18. Ne5 Rfd8 19. Nxd7
Rxd7 20. Rb1 Bd8 21. Ba6 Bc7 22. Kf1 Re7 23. Rb7 Rb8 24. Rxa7 Bd8 25. Rxe7
Bxe7 26. a4 Kf8 27. Bf4 Rb1+ 28. Ke2 Ke8 29. Be3 Ra1 30. c4 dxc4 31. Bxc4
Rxa4 32. Kd3 Ra3+ 33. Kc2 h6 34. Kb2 Ra5 35. Kb3 1/2-1/2

[Event "Edda Rapid"]
[Site "Reykjavic ISL"]
[Date "2003.03.05"]
[Round "9"]
[White "Shirov,A"]
[Black "Gurevich,M"]
[Result "0-1"]
[WhiteElo "2723"]
[BlackElo "2634"]
[EventDate "2003.03.03"]

1. e4 e6 2. d4 d5 3. Nc3 Nf6 4. Bg5 dxe4 5. Nxe4 Nbd7 6. Nxf6+ Nxf6 7. Nf3
h6 8. Be3 a6 9. Bd3 b6 10. Qe2 Bb7 11. O-O-O Qd5 12. Kb1 b5 13. Ne5 Bd6 14.
c4 bxc4 15. Bxc4 Qa5 16. Rhg1 Rb8 17. Ka1 Bxe5 18. dxe5 Qxe5 19. f4 Qa5 20.
Bd4 O-O 21. g4 Ne4 22. g5 hxg5 23. Bd3 Bd5 24. Bb1 Rb4 25. a3 Rb3 26. Rd3
Rxd3 27. Qxd3 Rb8 28. Bxg7 Kxg7 29. Qd4+ Kf8 30. Bxe4 Qb5 31. Bxd5 exd5 32.
Re1 c5 33. Qd2 d4 34. f5 f6 35. b3 c4 36. b4 c3 37. Qf2 Qd3 38. Re6 Qd1+
0-1

[Event "Edda Rapid"]
[Site "Reykjavic ISL"]
[Date "2003.03.05"]
[Round "9"]
[White "Sokolov,I"]
[Black "Adams,Mi"]
[Result "1-0"]
[WhiteElo "2688"]
[BlackElo "2734"]
[EventDate "2003.03.03"]

1. d4 Nf6 2. c4 e6 3. Nc3 Bb4 4. a3 Bxc3+ 5. bxc3 Ne4 6. e3 O-O 7. Bd3 f5
8. Ne2 Nf6 9. O-O d6 10. Ng3 Nc6 11. e4 Ne7 12. Ra2 c5 13. Re2 Bd7 14. Rfe1
Rc8 15. exf5 Nxf5 16. Nxf5 exf5 17. d5 Rc7 18. Qc2 Nh5 19. Bd2 h6 20. f3 b6
21. a4 Qf6 22. Qa2 a5 23. Qb1 Rb7 24. Re7 Rf7 25. Rxf7 Qxf7 26. g4 Nf6 27.
Bxf5 Bxf5 28. Qxf5 Re7 29. Rxe7 Qxe7 30. Kf2 Qe8 31. g5 hxg5 32. Bxg5 Qxa4
33. Bxf6 gxf6 34. Qg6+ Kh8 35. Qxf6+ Kh7 36. Qe7+ Kh8 37. Qxd6 Qc2+ 38. Kg3
Qxc3 39. Qf8+ Kh7 40. d6 Qe5+ 41. Kg4 Qd4+ 42. f4 a4 43. Qf7+ Kh6 44. d7 a3
45. Qf8+ Kg6 46. Qg8+ Kh6 47. Qg5+ Kh7 48. d8=Q Qg1+ 49. Kf5 Qb1+ 50. Kf6
1-0

[Event "Edda Rapid"]
[Site "Reykjavic ISL"]
[Date "2003.03.05"]
[Round "9"]
[White "Krasenkow,M"]
[Black "Sutovsky,E"]
[Result "0-1"]
[WhiteElo "2633"]
[BlackElo "2651"]
[EventDate "2003.03.03"]

1. Nf3 g6 2. c4 Bg7 3. e4 e5 4. d4 exd4 5. Nxd4 Nf6 6. Nc3 O-O 7. Be3 Re8
8. f3 c6 9. c5 b6 10. Nb3 bxc5 11. Bxc5 d5 12. Be2 Nbd7 13. Bd4 dxe4 14.
fxe4 Nxe4 15. Nxe4 Rxe4 16. Bxg7 Ba6 17. Nc1 Kxg7 18. O-O Qb6+ 19. Kh1 Ne5
20. Bxa6 Qxa6 21. Nb3 Qe2 22. Nc5 Qxd1 23. Raxd1 Re2 24. Rfe1 Rxe1+ 25.
Rxe1 Rd8 26. b4 Rd5 27. h3 f5 28. Na6 Kf6 29. a3 f4 30. a4 Rd2 31. Nc5 Kf5
32. Rf1 h5 33. Nd3 Rd1 34. Nc5 Rd4 35. b5 cxb5 36. axb5 g5 37. Nb3 g4 38.
hxg4+ hxg4 39. Ra1 Rb4 40. Nd2 Rb2 41. Nf1 Nc4 42. Kg1 g3 43. Rxa7 Rb1 44.
Rf7+ Kg5 0-1